000 00454nam a2200169 a 4500
001 0000-8939
003 ELIB.Books
008 110520 1970
035 _a(ELIB.Books)0000-9087
082 _a248.4
_bDay
100 _aDay, LeRoy
245 _aToward a Christian Styled of Life
260 _bValley Forge: American Baptist Board of Education
_c1970
650 _aChristian Life
942 _2ddc
_cBK
998 _cbat
_e2011-05-20
999 _c8939
_d8939